00769nam a2200241 i 450000100060000000300090000600500170001500700030003200800410003502000180007608000120009410000250010624501330013126000610026430000270032549000280035250000110038050400310039165000200042270000240044283000280046685200330049413719ES-MaACL20230906150641.0t|980610s1988 xxu ||||1| eng d a0-300-04745-2 a613.8851 aFriedman, Richard C.10aMale homosexuality b: a contemporary psychoanalytic perspective /cRichard C. Friedman ; with a foreword by Roger A. MacKinnon. aNew Haven [etc.] : bYale University Press, ccop. 1988. aXVI, 296 p. ; c24 cm.1 aPsychology. Gay studies 3Indice aBibliografía: p.275-288.14aHomosexualidad.1 aMacKinnon, Roger A.0 aPsychology. Gay studies aES-MaACLjL-21049 bR.118583